Truyện ngắn 5 tác giả nữ
Сохранить в:
| Формат: | |
|---|---|
| Язык: | Undetermined |
| Опубликовано: |
Hà Nội
Văn học
2009
|
| Предметы: | |
| Метки: |
Добавить метку
Нет меток, Требуется 1-ая метка записи!
|
| Thư viện lưu trữ: | Trung tâm Học liệu Trường Đại học Cần Thơ |
|---|
| LEADER | 00607nam a2200205Ia 4500 | ||
|---|---|---|---|
| 001 | CTU_154691 | ||
| 008 | 210402s9999 xx 000 0 und d | ||
| 020 | |c 56000 | ||
| 082 | |a 895.922301 | ||
| 082 | |b Tr527 | ||
| 245 | 0 | |a Truyện ngắn 5 tác giả nữ | |
| 245 | 0 | |c Nhiều tác giả ; Nhà văn Sương Nguyệt Minh tuyển chọn | |
| 260 | |a Hà Nội | ||
| 260 | |b Văn học | ||
| 260 | |c 2009 | ||
| 650 | |a Short stories, Vietnamese | ||
| 650 | |x Collections | ||
| 650 | |z 21st century | ||
| 904 | |i Giang | ||
| 980 | |a Trung tâm Học liệu Trường Đại học Cần Thơ | ||